[Event "TUR-ch"]
[Site "Antalya"]
[Date "2013.02.07"]
[Round "8"]
[White "Kaplan, Cem Azad"]
[Black "Mumcu, Ozer"]
[Result "1-0"]
[WhiteElo "1806"]
[BlackElo "1576"]
[PlyCount "65"]
[EventDate "2013.02.02"]
[EventType "swiss"]
[EventRounds "11"]
[EventCountry "TUR"]
[SourceTitle "CBM 152 Extra"]
[Source "ChessBase"]
[SourceDate "2013.02.25"]
[SourceVersion "1"]
[SourceVersionDate "2013.02.25"]
[SourceQuality "1"]

1. e4 c5 2. f4 a6 3. Nf3 e6 4. Be2 Nc6 5. 0-0 Nge7 6. b3 d6 7. Bb2 Ng6 8. g3 e5 9. fxe5 dxe5 10. Bc4 Be7 11. Bxf7+ Kxf7 12. Nxe5+ Ke8 13. Nf7 Qb6 14. Nxh8 Nxh8 15. Qh5+ Ng6 16. Qxh7 c4+ 17. Kg2 Nce5 18. Qg8+ Kd7 19. Qxg7 Qe6 20. Rf5 Ng4 21. Nc3 b5 22. Re1 Bb7 23. Nd5 Rg8 24. Qd4 Bxd5 25. Rxd5+ Ke8 26. Qa7 Nf4+ 27. gxf4 Ne3+ 28. Kf2 Nxd5 29. Qa8+ Kf7 30. Qxd5 Bh4+ 31. Kf1 Qxd5 32. exd5 Bxe1 33. Kxe1 1-0

[Event "TUR-ch"]
[Site "Antalya"]
[Date "2013.02.03"]
[Round "3"]
[White "Mumcu, Ozer"]
[Black "Albayrak, Mete"]
[Result "1/2-1/2"]
[WhiteElo "1576"]
[BlackElo "1818"]
[PlyCount "145"]
[EventDate "2013.02.02"]
[EventType "swiss"]
[EventRounds "11"]
[EventCountry "TUR"]
[SourceTitle "CBM 152 Extra"]
[Source "ChessBase"]
[SourceDate "2013.02.25"]
[SourceVersion "1"]
[SourceVersionDate "2013.02.25"]
[SourceQuality "1"]

1. Nf3 d5 2. g3 Nf6 3. Bg2 c5 4. 0-0 Nc6 5. d3 e5 6. e4 d4 7. a4 Bd6 8. Nbd2 0-0 9. Nc4 Bc7 10. h3 Be6 11. b3 a6 12. Ba3 Nd7 13. Ncd2 f5 14. exf5 Bxf5 15. Re1 Ba5 16. Re2 Qc7 17. Ne4 Bxe4 18. Rxe4 Bc3 19. Rb1 b5 20. Ng5 Qd6 21. h4 h6 22. Nh3 Rae8 23. axb5 axb5 24. Bc1 Nf6 25. Re2 Nd5 26. Bxd5+ Qxd5 27. Re4 c4 28. bxc4 bxc4 29. Qg4 Nb4 30. Bxh6 Re7 31. Bg5 Ref7 32. Qe2 cxd3 33. cxd3 Qb5 34. Rd1 Nc6 35. h5 Qb3 36. Rf1 Rf3 37. Qd1 Qb5 38. Kg2 Qxd3 39. Qxd3 Rxd3 40. Rb1 Bb4 41. h6 Bd6 42. hxg7 Kxg7 43. Rb6 Rc3 44. Rg4 Kf7 45. Bh6 Rb8 46. Ng5+ Ke7 47. Rxb8 Bxb8 48. Ne4 Rc2 49. Rg7+ Ke6 50. Rb7 Kd5 51. Kf3 Bd6 52. Rd7 Rc3+ 53. Nxc3+ dxc3 54. Ke2 Ke6 55. Rb7 Bc5 56. f3 Nd4+ 57. Kd3 Nxf3 58. Kxc3 Kf5 59. Rb8 e4 60. Re8 Bd4+ 61. Kc2 Kg4 62. Rg8+ Kh5 63. Bf4 Be5 64. g4+ Kh4 65. Be3 Nd4+ 66. Bxd4 Bxd4 67. g5 Kh5 68. Kd1 Be3 69. g6 Kh6 70. Ke2 Bd4 71. Ke1 Bg7 72. Ke2 Kxg6 73. Ke3 1/2-1/2

[Event "World Amateur-ch"]
[Site "Antalya"]
[Date "2011.10.07"]
[Round "6"]
[White "Oney, Gulumser"]
[Black "Mumcu, Ozer"]
[Result "1-0"]
[WhiteElo "1748"]
[BlackElo "1620"]
[PlyCount "49"]
[EventDate "2011.10.01"]
[EventType "swiss"]
[EventRounds "9"]
[EventCountry "TUR"]
[SourceTitle "CBM 144 Extra"]
[Source "ChessBase"]
[SourceDate "2011.10.28"]
[SourceVersion "1"]
[SourceVersionDate "2011.10.28"]
[SourceQuality "1"]

1. e4 c5 2. Nf3 d6 3. d4 cxd4 4. Nxd4 Nf6 5. Nc3 g6 6. Be2 Bg7 7. Be3 0-0 8. Nb3 Nc6 9. f3 Na5 10. Qd2 Nxb3 11. cxb3 h5 12. Rg1 Be6 13. g4 Qa5 14. b4 Qxb4 15. gxh5 Nxh5 16. f4 Kh7 17. Bxh5 gxh5 18. f5 Bxc3 19. bxc3 Qxe4 20. fxe6 Qxe6 21. Rg5 f5 22. 0-0-0 Rac8 23. Rdg1 Qf7 24. Qe2 Rxc3+ 25. Kb2 1-0

[Event "World Amateur-ch"]
[Site "Antalya"]
[Date "2011.10.04"]
[Round "4"]
[White "Bayona, Karin Silvana"]
[Black "Mumcu, Ozer"]
[Result "1/2-1/2"]
[WhiteElo "1802"]
[BlackElo "1620"]
[PlyCount "84"]
[EventDate "2011.10.01"]
[EventType "swiss"]
[EventRounds "9"]
[EventCountry "TUR"]
[SourceTitle "CBM 144 Extra"]
[Source "ChessBase"]
[SourceDate "2011.10.28"]
[SourceVersion "1"]
[SourceVersionDate "2011.10.28"]
[SourceQuality "1"]

1. e4 c5 2. Nf3 d6 3. d4 cxd4 4. Nxd4 Nf6 5. Nc3 a6 6. Be2 e5 7. Nb3 Be6 8. 0-0 Be7 9. Be3 0-0 10. f4 exf4 11. Bxf4 Nc6 12. Kh1 Ne5 13. Nd4 Ng6 14. Bg3 Rc8 15. Nf5 Bxf5 16. exf5 Ne5 17. Qd4 Qa5 18. Rad1 Rfd8 19. Rd2 Nc6 20. Qf2 d5 21. Bf3 Bb4 22. Rd3 Ne7 23. Be5 Bxc3 24. Bxc3 Qc7 25. Bxf6 gxf6 26. Bd1 Kh8 27. Qh4 Ng8 28. Rh3 h6 29. Rf4 Qc5 30. Rg4 Qf8 31. Qg3 Kh7 32. Qd3 Rc4 33. Rhg3 Rxg4 34. Rxg4 Re8 35. Qd2 Re5 36. h3 Qc8 37. c3 Ne7 38. Rd4 Kg7 39. Rg4+ Kh7 40. Rd4 Kg7 41. Rg4+ Kh7 42. Rd4 Kg7 1/2-1/2